000 00676nam a22002297a 4500
005 20170124105935.0
010 _aB-128182
020 _c450.00
_a9788170999294
035 _aB-128182
037 _bCen Lib/Ret
040 _aDPL
_bEN
082 _a370.71
_bMOH
100 _aMiyan, Mohammad
_99575
245 _aProfessionalisation of teacher education /
_cby Mohammad Miyan
260 _aNew Delhi
_bMittal Publications
_c2004
270 _a4594/9, Daryaganj
_bNew Delhi
_e110002
300 _aviii,207p.
_c21cm(Hb)
500 _aIncludes index
650 _aEducation
_91169
650 _aEducation-teaching
_99576
942 _2ddc
_cEN
_h370.71
_mMOH
999 _c124157
_d124157